LEADER 01237nam a2200277 i 4500 001 000000258305 003 CaOOAMICUS 005 20210201145208.0 008 180502s2018 it u000 u ita u 013 $a237213 020 $a978-88-308-1637-4 040 $aSeMil$bita 100 1 $aBarazzoni, Davide.$0(OLS)http://semarc/name/94927 245 10$aEnrico Medi :$bstupore, armonia e mistica di uno scienziato credente /$cDavide Barazzoni. 260 $aAssisi :$bCittadella,$c2018. 300 $a202 p. ;$c21 cm. 490 1 $aGestis verbisque / Istituto Teologico Marchigiano ;$v18 600 14$aMedi, Enrico .$0(OLS)http://semarc/subject/22264 830 0$aGestis verbisque / Istituto Teologico Marchigiano ;$v18.$0(OLS)http://semarc/title/19025 850 $aSeMil 852 $aSeMil$W1$xVenegono$y1$m3X III 102$j208651$B208651$CSeMilBibl$Z2$F222685 $81 961 $aOmaggio per recensione: Scuola Cattolica 996 $6020$a978-88-308-1637-4$9(OLS)http://semarc/number/283498 996 $6245$aEnrico Medi :$bstupore, armonia e mistica di uno scienziato credente$9(OLS)http://semarc/title/413394 996 $6260$aAssisi :$bCittadella$9(OLS)http://semarc/publisher/29661 LEADER 00863nam a2200205 i 4500 001 000000009949 003 CaOOAMICUS 005 20180830125440.0 008 180830s2002 it u000 u ita u 040 $aSeMil$bita 100 1 $aMariani, Giuseppe .$0(OLS)http://semarc/name/89731 245 10$aOpere sacre :$bLe Messe /$cGiuseppe Mariani (1898-1982) 260 $aBergamo :$bEd. Carrara,$c2002. 300 $a3 v. ;$c31 cm. 650 4$aMusica sacra.$0(OLS)http://semarc/subject/1556 774 0 $aMariani, Giuseppe $t1.$w()118076 774 0 $aMariani, Giuseppe $t2.$w()118077 774 0 $aMariani, Giuseppe $t3.$w()118078 996 $6245$aOpere sacre :$bLe Messe$9(OLS)http://semarc/title/13159 996 $6260$aBergamo :$bEd. Carrara$9(OLS)http://semarc/publisher/30551